[Event "COL-ch (Women)"]
[Site "Ibague"]
[Date "2013.07.06"]
[Round "8"]
[White "Salcedo Paez, Jackelin"]
[Black "Suarez, Maria Alexandra"]
[Result "0-1"]
[WhiteElo "1933"]
[BlackElo "1957"]
[PlyCount "112"]
[EventDate "2013.07.01"]
[EventType "swiss"]
[EventRounds "9"]
[EventCountry "COL"]
[SourceTitle "EXT 2014"]
[Source "ChessBase"]
[SourceDate "2013.11.20"]
[SourceVersion "1"]
[SourceVersionDate "2013.11.20"]
[SourceQuality "1"]

1. c4 Nf6 2. Nc3 e6 3. e4 d5 4. e5 d4 5. exf6 dxc3 6. bxc3 Qxf6 7. d4 c5 8. Nf3 h6 9. Be2 cxd4 10. cxd4 Bb4+ 11. Bd2 Bxd2+ 12. Qxd2 Nc6 13. 0-0 0-0 14. Rfd1 Rd8 15. Qb2 b6 16. Rd2 Ba6 17. Rad1 Na5 18. Rc1 Rac8 19. Rdc2 Rc7 20. c5 Bxe2 21. Rxe2 bxc5 22. Qa3 Nc6 23. dxc5 Nd4 24. Nxd4 Qxd4 25. h3 Rd5 26. Rec2 Rg5 27. Qa5 Qd5 28. f3 Qc6 29. Qc3 Rd5 30. Qe3 Rcd7 31. Qf4 Rc7 32. Qe3 Rcd7 33. Qf4 Rc7 34. Qb4 Rc8 35. Qa3 Rc7 36. Rc4 Rg5 37. Qe3 Rd5 38. Qc3 Rg5 39. h4 Rd5 40. Rg4 Qxc5+ 41. Qxc5 Rdxc5 42. Rxc5 Rxc5 43. Ra4 a5 44. Kf2 Kf8 45. Ke3 Ke7 46. g3 Kd6 47. Rd4+ Kc7 48. Rf4 f6 49. Rg4 g5 50. hxg5 hxg5 51. a4 Rc3+ 52. Ke2 Kd6 53. Rd4+ Ke5 54. Re4+ Kd5 55. g4 Rc4 56. Re3 Rxa4 0-1

[Event "COL-ch (Women)"]
[Site "Ibague"]
[Date "2013.07.02"]
[Round "3"]
[White "Valencia Lopez, Daily Vanessa"]
[Black "Salcedo Paez, Jackelin"]
[Result "0-1"]
[WhiteElo "1607"]
[BlackElo "1933"]
[PlyCount "66"]
[EventDate "2013.07.01"]
[EventType "swiss"]
[EventRounds "9"]
[EventCountry "COL"]
[SourceTitle "EXT 2014"]
[Source "ChessBase"]
[SourceDate "2013.11.20"]
[SourceVersion "1"]
[SourceVersionDate "2013.11.20"]
[SourceQuality "1"]

1. e4 e6 2. d4 d5 3. Nd2 Nf6 4. e5 Nfd7 5. Bd3 c5 6. c3 Nc6 7. Ne2 cxd4 8. cxd4 Bb4 9. 0-0 Be7 10. Nf3 0-0 11. Qc2 f5 12. exf6 Nxf6 13. Ne5 Nb4 14. Qc3 Nxd3 15. Qxd3 Bd7 16. Bd2 a6 17. Nc3 b5 18. Rfe1 b4 19. Ne2 Bb5 20. Qh3 Qb6 21. Be3 Rae8 22. Nf4 Bd8 23. Rac1 Qd6 24. Rc8 Bb6 25. Rxe8 Rxe8 26. Rc1 a5 27. b3 Ne4 28. Rc2 Nf6 29. Rc1 Ne4 30. Qh5 Qf8 31. Nf3 Qf6 32. Ne2 g6 33. Qg4 Bxe2 0-1

[Event "COL-ch (Women)"]
[Site "Ibague"]
[Date "2013.07.01"]
[Round "1"]
[White "Sanchez, Angie"]
[Black "Salcedo Paez, Jackelin"]
[Result "0-1"]
[WhiteElo "1449"]
[BlackElo "1933"]
[PlyCount "30"]
[EventDate "2013.07.01"]
[EventType "swiss"]
[EventRounds "9"]
[EventCountry "COL"]
[SourceTitle "EXT 2014"]
[Source "ChessBase"]
[SourceDate "2013.11.20"]
[SourceVersion "1"]
[SourceVersionDate "2013.11.20"]
[SourceQuality "1"]

1. d4 f5 2. e3 Nf6 3. Nc3 d5 4. g3 e6 5. a3 c6 6. Nf3 Nbd7 7. Ne2 Ne4 8. Bg2 Ndf6 9. c3 Bd6 10. a4 0-0 11. b3 Bd7 12. b4 b6 13. 0-0 Rc8 14. Ba3 Be8 15. Ng5 Nxg5 0-1

[Event "Ortega op 3rd"]
[Site "Ortega"]
[Date "2013.06.10"]
[Round "7"]
[White "Salcedo Paez, Jackelin"]
[Black "Lopez, Jorge Mario"]
[Result "0-1"]
[WhiteElo "1934"]
[BlackElo "2031"]
[PlyCount "74"]
[EventDate "2013.06.07"]
[EventType "swiss"]
[EventRounds "8"]
[EventCountry "COL"]
[SourceTitle "CBM 154 Extra"]
[Source "ChessBase"]
[SourceDate "2013.06.25"]
[SourceVersion "2"]
[SourceVersionDate "2013.06.25"]
[SourceQuality "1"]

1. c4 Nf6 2. Nc3 e5 3. Nf3 Nc6 4. d4 exd4 5. Nxd4 Bb4 6. Bg5 h6 7. Bh4 g5 8. Bg3 Qe7 9. Rc1 d6 10. a3 Bxc3+ 11. Rxc3 Ne5 12. Qb1 Bd7 13. e3 0-0-0 14. b4 Kb8 15. Be2 h5 16. h3 h4 17. Bh2 g4 18. hxg4 h3 19. Bf1 Nexg4 20. gxh3 Nxf2 21. Rg1 N6e4 22. Rc2 Nxh3 23. Rgg2 Ba4 24. Nb3 Neg5 25. Rce2 Bc6 26. Rg3 Bf3 27. Qf5 Bxe2 28. Bxh3 Bxc4 29. Na5 Nxh3 30. Nxc4 Qe6 31. Qf1 Nf4 32. Qxf4 Rxh2 33. Rg7 Rh1+ 34. Ke2 Qh3 35. Qxf7 Qh5+ 36. Qxh5 Rxh5 37. Kd3 a6 0-1

[Event "Ortega op 3rd"]
[Site "Ortega"]
[Date "2013.06.09"]
[Round "6"]
[White "Dabraccio, Guillermo"]
[Black "Salcedo Paez, Jackelin"]
[Result "0-1"]
[WhiteElo "1744"]
[BlackElo "1934"]
[PlyCount "136"]
[EventDate "2013.06.07"]
[EventType "swiss"]
[EventRounds "8"]
[EventCountry "COL"]
[SourceTitle "CBM 154 Extra"]
[Source "ChessBase"]
[SourceDate "2013.06.25"]
[SourceVersion "2"]
[SourceVersionDate "2013.06.25"]
[SourceQuality "1"]

1. d4 f5 2. Nf3 Nf6 3. h3 e6 4. Bf4 d5 5. Nbd2 Bd6 6. Ne5 Nbd7 7. Ndf3 Ne4 8. e3 Ndf6 9. c3 c6 10. Bd3 0-0 11. 0-0 Bd7 12. Nd2 Be8 13. c4 Bh5 14. Qc2 Nxd2 15. Qxd2 Ne4 16. Qe1 Qe7 17. c5 Bc7 18. f3 Nf6 19. Qg3 Rac8 20. b4 Be8 21. Qe1 Nh5 22. Bh2 g5 23. a4 a6 24. b5 cxb5 25. axb5 axb5 26. Qe2 f4 27. exf4 gxf4 28. Ng4 Ng7 29. Bxb5 Bxb5 30. Qxb5 Nf5 31. Qd3 h5 32. Ne5 Qg5 33. Rfe1 Nh4 34. Ra2 Ra8 35. Rea1 Rxa2 36. Rxa2 Bxe5 37. dxe5 Qxe5 38. Kf1 Rf6 39. Bg1 Nf5 40. Ra8+ Kg7 41. Ra7 Qb2 42. Bf2 Rg6 43. Qa3 Qb1+ 44. Ke2 Rxg2 45. Qa1+ Qxa1 46. Rxa1 Kf6 47. Rb1 Rg7 48. Kd3 Rd7 49. Rb6 Re7 50. Be1 Kg5 51. Rb2 Ng3 52. Kd4 Kf6 53. Rb6 Nf5+ 54. Kd3 Ke5 55. Bf2 d4 56. c6 bxc6 57. Rxc6 Rb7 58. Rc5+ Kd6 59. Bxd4 Rb3+ 60. Rc3 Nxd4 61. Kxd4 Rxc3 62. Kxc3 Kc5 63. Kd3 Kd5 64. Ke2 Kd4 65. Kd2 e5 66. Ke2 Kc3 67. Kf2 Kd2 68. Kf1 Ke3 0-1

[Event "Pamplona Sub zt 2.3 (Women)"]
[Site "Pamplona"]
[Date "2012.11.07"]
[Round "6"]
[White "Mercado, Luisa Fernanda"]
[Black "Salcedo Paez, Jackelin"]
[Result "1-0"]
[WhiteElo "2044"]
[BlackElo "1963"]
[PlyCount "82"]
[EventDate "2012.11.05"]
[EventType "swiss"]
[EventRounds "9"]
[EventCountry "COL"]
[SourceTitle "EXT 2013"]
[Source "ChessBase"]
[SourceDate "2012.11.22"]
[SourceVersion "1"]
[SourceVersionDate "2012.11.22"]
[SourceQuality "1"]

1. e4 c6 2. d4 d5 3. exd5 cxd5 4. c4 Nf6 5. Nc3 e6 6. Nf3 Be7 7. cxd5 Nxd5 8. Bd3 0-0 9. 0-0 Nc6 10. a3 Nf6 11. Re1 b6 12. Bc2 Bb7 13. Qd3 Rc8 14. Bg5 g6 15. Bh6 Re8 16. Rad1 a6 17. Bb3 Na5 18. Ba2 Bf8 19. Bg5 h6 20. Bc1 Bg7 21. Ne5 Nc6 22. Nxg6 fxg6 23. Qxg6 Ne7 24. Bxe6+ Kh8 25. Qg3 Neg8 26. Bxc8 Rxe1+ 27. Rxe1 Qxc8 28. Be3 Kh7 29. f3 Ne7 30. Qf2 Nf5 31. Qc2 Kh8 32. Bf2 Nd5 33. Qd2 Nfe7 34. Bg3 Ng8 35. Be5 Ndf6 36. Ne4 Nxe4 37. Bxg7+ Kxg7 38. fxe4 Qe6 39. d5 Qd6 40. Qc3+ Kh7 41. Rc1 Qd8 1-0

[Event "Bogota op"]
[Site "Bogota"]
[Date "2008.06.07"]
[Round "3.8"]
[White "Gonzalez, Carlos Alberto"]
[Black "Salcedo Paez, Jackelin"]
[Result "0-1"]
[WhiteElo "2098"]
[BlackElo "2129"]
[PlyCount "96"]
[EventDate "2008.06.06"]
[EventType "swiss"]
[EventRounds "7"]
[EventCountry "COL"]
[SourceTitle "CBM 124 Extra"]
[Source "ChessBase"]
[SourceDate "2008.07.03"]
[SourceVersion "1"]
[SourceVersionDate "2008.07.03"]
[SourceQuality "1"]

1. d4 c5 2. c4 d6 3. e3 Nf6 4. Nf3 g6 5. Nc3 Bg7 6. h3 Qa5 7. Bd3 Nc6 8. 0-0 Qb6 9. d5 Nb8 10. Re1 0-0 11. e4 Qc7 12. e5 dxe5 13. Nxe5 Nh5 14. Nb5 Qd8 15. g4 Nf6 16. b3 Nfd7 17. Bb2 a6 18. Na3 Qc7 19. Qe2 Nxe5 20. Bxe5 Bxe5 21. Qxe5 Qxe5 22. Rxe5 Re8 23. d6 Nc6 24. Re2 Bd7 25. Rae1 exd6 26. Nc2 Rxe2 27. Rxe2 Re8 28. Be4 Kh8 29. f3 f5 30. Bd3 Rxe2 31. Bxe2 Kg7 32. Ne3 Nd4 33. Kf2 Nxe2 34. Kxe2 b5 35. Nd5 bxc4 36. bxc4 Be6 37. Nb6 Kf6 38. Ke3 h5 39. gxh5 gxh5 40. Ke2 Ke5 41. a4 Kd4 42. Nd5 Bxd5 43. cxd5 c4 44. h4 c3 45. Kd1 Kxd5 46. Kc2 Kd4 47. Kd1 Kd3 48. Kc1 c2 0-1

[Event "Bogota op"]
[Site "Bogota"]
[Date "2008.06.07"]
[Round "4.6"]
[White "Salcedo Paez, Jackelin"]
[Black "Medina Garcia, Manuel Alvaro"]
[Result "1/2-1/2"]
[WhiteElo "2129"]
[BlackElo "1931"]
[PlyCount "48"]
[EventDate "2008.06.06"]
[EventType "swiss"]
[EventRounds "7"]
[EventCountry "COL"]
[SourceTitle "CBM 124 Extra"]
[Source "ChessBase"]
[SourceDate "2008.07.03"]
[SourceVersion "1"]
[SourceVersionDate "2008.07.03"]
[SourceQuality "1"]

1. c4 Nf6 2. g3 c6 3. Bg2 d5 4. cxd5 cxd5 5. d4 b6 6. Nc3 Bb7 7. Nf3 e6 8. Bf4 Be7 9. 0-0 0-0 10. Nb5 Na6 11. Rc1 Nh5 12. Qd2 Nxf4 13. Qxf4 Rc8 14. Nxa7 Bd6 15. Qd2 Rc7 16. Nb5 Bb4 17. Qd1 Rc8 18. a3 Be7 19. Rxc8 Bxc8 20. Qd3 Qd7 21. Ne5 Qd8 22. Nf3 Qd7 23. Ne5 Qd8 24. Nf3 Qd7 1/2-1/2

[Event "Bogota op"]
[Site "Bogota"]
[Date "2008.06.06"]
[Round "1"]
[White "Viasus, Raul Andres"]
[Black "Salcedo Paez, Jackelin"]
[Result "1/2-1/2"]
[WhiteElo "2129"]
[BlackElo "2129"]
[PlyCount "62"]
[EventDate "2008.06.06"]
[EventType "swiss"]
[EventRounds "7"]
[EventCountry "COL"]
[SourceTitle "CBM 124 Extra"]
[Source "ChessBase"]
[SourceDate "2008.07.03"]
[SourceVersion "1"]
[SourceVersionDate "2008.07.03"]
[SourceQuality "1"]

1. d4 c5 2. d5 d6 3. c4 Nf6 4. Nc3 g6 5. Nf3 Bg7 6. e4 0-0 7. Be2 Na6 8. 0-0 e6 9. Bg5 Qc7 10. Nd2 Bd7 11. Re1 h6 12. Bf4 e5 13. Be3 Qc8 14. f3 Nh5 15. Nf1 f5 16. exf5 Bxf5 17. a3 Bd7 18. Bd3 g5 19. Qc2 Nf4 20. Bh7+ Kh8 21. Ng3 Nc7 22. Bxf4 gxf4 23. Nh5 Bf5 24. Bxf5 Qxf5 25. Qxf5 Rxf5 26. Nxg7 Kxg7 27. Ne4 Rd8 28. b4 b6 29. bxc5 bxc5 30. Rab1 Rf7 31. Rb7 Ne8 1/2-1/2

[Event "Bogota op"]
[Site "Bogota"]
[Date "2008.06.??"]
[Round "7.6"]
[White "Carrillo, Angie Catalina"]
[Black "Salcedo Paez, Jackelin"]
[Result "0-1"]
[WhiteElo "1897"]
[BlackElo "2129"]
[PlyCount "106"]
[EventDate "2008.06.06"]
[EventType "swiss"]
[EventRounds "7"]
[EventCountry "COL"]
[SourceTitle "CBM 124 Extra"]
[Source "ChessBase"]
[SourceDate "2008.07.03"]
[SourceVersion "1"]
[SourceVersionDate "2008.07.03"]
[SourceQuality "1"]

1. e4 c5 2. Nf3 a6 3. d3 Nc6 4. Nc3 e6 5. d4 cxd4 6. Nxd4 Bb4 7. a3 Ba5 8. b4 Bb6 9. b5 Bxd4 10. bxc6 Bxc3+ 11. Bd2 Bxa1 12. Qxa1 Nf6 13. g4 h6 14. h4 dxc6 15. Rh3 Rg8 16. g5 Nxe4 17. Bd3 Nxd2 18. Bh7 Qa5 19. Kd1 Qd5 20. Ke2 e5 21. Rd3 Bg4+ 22. Kxd2 Qa5+ 23. c3 Rh8 24. g6 f6 25. Qa2 Rf8 26. Bg8 Qc7 27. f3 e4 28. Re3 Rd8+ 29. Ke1 Qg3+ 30. Qf2 Qxf2+ 31. Kxf2 Bxf3 32. Bf7+ Rxf7 33. gxf7+ Kxf7 34. Re1 Rd3 35. Rc1 Rd1 36. Rc2 Ra1 37. Rb2 b5 38. Rb3 Rh1 39. Kg3 Rf1 40. Kf4 Bd1+ 41. Kxe4 Bxb3 42. Ke3 g5 43. hxg5 hxg5 44. Ke2 Bc4+ 45. Ke3 Bd3 46. Kxd3 Rf4 47. Ke2 Ke6 48. Ke3 Ke5 49. a4 g4 50. Ke2 g3 51. Ke3 g2 52. Kd3 g1Q 53. Kc2 Rxa4 0-1